| 000 | 01102nam a22002657a 4500 | ||
|---|---|---|---|
| 001 | 8497 | ||
| 003 | FISKH | ||
| 005 | 20260324092017.0 | ||
| 008 | 250916b cb ||||| |||| 00| 0 eng d | ||
| 040 |
_aFISKH _beng _cFISKH _dFISKH813.54 |
||
| 050 | _aPZ7 | ||
| 082 | _a813.54 | ||
| 100 | _aBrett, Jan | ||
| 245 |
_aGood Luck Sneakers _cstory and pictures by Jan Brett |
||
| 260 |
_aBoston : _bHoughton Mifflin, _c1981. |
||
| 300 |
_a24 pages : _bcolor illustrations ; _c24 cm |
||
| 505 | _aK | ||
| 520 | _aThis story tells about a pair of sneakers believed to bring good luck to their owner. The tale follows the adventures and small challenges that come with the sneakers, showing how luck, determination, and attitude can shape what happens. With Jan Brett’s signature illustrations, the book highlights themes of trying your best and believing in yourself. | ||
| 521 | 8 |
_a510
_bLexile estimate |
|
| 521 | 8 |
_aK
_bRaz-Plus |
|
| 650 |
_aLuck _vJuvenile Fiction _xBelief in self _yDetermination; |
||
| 650 |
_aFriendship _vPicture Book |
||
| 942 |
_2ddc _cBK _n0 |
||
| 999 |
_c8497 _d8497 |
||